000 00470nam a22001337a 4500
008 220908b |||||||| |||| 00| 0 eng d
082 _aENGLISH CAP NO.105
100 _aLhendup, Damchen
245 _aBhutanese moral values and culture as depicted in the collection of Bhutanese folktales, The Cockoo and The pigeon by Ngawang Phuntsho
260 _aThimphu :
_bRoyal Thimphu College,
_c2022.
300 _a23 p.
_c30 cm.
650 _aStudent research work
942 _2ddc
999 _c9120
_d9121